Statistics for High School Musical Quiz (HARD)

Click here to take the quiz!

General Stats

  • This quiz has been taken 202 times
    (201 since last reset)
  • The average score is 5 of 11

Answer Stats

QuestionAnswer% Correct
What is the number on Chad's Basketball Jersy?8
80%
what was the colour of Gabriella's top in the song 'start of something new'?Light blue
77%
How many star dazzle awards has Sharpay won?5
69%
What colour is Ryan's hat when he sings 'what i've been looking for'?Green
54%
How many times does Troy sing the words 'Bet on it'?28
45%
complete this sentence: "Everybody loves a good ____ ______"-RyanJazz square
39%
Where in America is High School Musical set?Albuquerque
36%
What are the names of the two lead characters in the winter musical in the first movie?Arnold and Minnie
21%
Finish Chad's sentence to Troy: "How can you expect the rest of us to be focused on a game when you're off somewhere in leotards singing _______ ____"Twinkle town
20%
What does Chad's top say in the first scene of HSM 2 before it's officially summer?I majored in vacation
17%
What are the first words said in High School Musical 3?LET'S GO!
17%

Score Distribution

Percentile by Number Answered

Percent of People with Each Score

Your Score History

You have not taken this quiz since the last reset